000 00463pab a2200169 454500
008 180718b2002 xxu||||| |||| 00| 0 eng d
100 _aAshutosh Kumar
245 _aPunjab: Assembly elections: decline of identity politics
260 _c2002
300 _ap.1384-388.
362 _a13 Apr
650 _aPunjab. Legislative Assembly - Elections
650 _aElections
700 _aSanjay Kumar
773 _aEconomic and Political Weekly
909 _a52090
999 _c52090
_d52090